| 000 | 00341nam a2200145Ia 4500 | ||
|---|---|---|---|
| 008 | 230917s9999||||xx |||||||||||||| ||und|| | ||
| 040 |
_e86153 _aMAIN |
||
| 041 | _aEnglish | ||
| 082 | _a759.9544 A15M | ||
| 100 | _aAgarawala, R A | ||
| 245 | 0 | _aMarwar murals | |
| 260 |
_aDelhi _bAgam Kala Prakashan _c1977 |
||
| 300 | _av. p. | ||
| 942 | _cBK | ||
| 999 |
_c59159 _d59159 |
||